00609nam a2200169Ia 4500008004100000020001500041041000800056082001800064100002100082245007500103250000600178260005000184300001500234650003900249999001900288952013200307210716s2010 xx 000 0 und d a8187972092 aeng a621.3916 GAOR aGaonkar, Ramesh. aMicroprocessor architecture programming and application with the 8085. a6 aMumbaibPenram International Publishingc2010 ax,820/2013 aMicrocontrollers & Microprocessors c193786d193786 001040708MCAaAIMITbAIMITeKnowledge Worldg395.00l0o621.3916 GAORpMCA13294r2025-07-21 00:00:00v296.25w2021-07-16yBK